[Event "CZE-ch U16"]
[Site "Harrachov"]
[Date "2024.10.30"]
[Round "6"]
[White "Pesta, Milan"]
[Black "Stary, Vojtech"]
[Result "0-1"]
[WhiteElo "1807"]
[BlackElo "1893"]
[PlyCount "142"]
[EventDate "2024.10.26"]
[EventType "swiss"]
[EventRounds "9"]
[EventCountry "CZE"]
[SourceTitle "CB45_2024"]
[Source "ChessBase"]
[SourceDate "2024.11.06"]
[SourceVersion "1"]
[SourceVersionDate "2024.11.06"]
[SourceQuality "1"]

1. c4 f5 2. d4 Nf6 3. Nc3 e6 4. Bg5 h6 5. Bxf6 Qxf6 6. e3 Bb4 7. Rc1 d6 8. Qa4+ Nc6 9. d5 b5 10. Qxb5 Rb8 11. Qa4 f4 12. dxc6 fxe3 13. Qc2 0-0 14. f3 d5 15. a3 Bd6 16. Nge2 Qh4+ 17. g3 Qxc4 18. Nd1 Qxc2 19. Rxc2 e5 20. Nec3 d4 21. Ne4 Rxf3 22. Bc4+ Kf8 23. Rf1 Rxf1+ 24. Kxf1 Bf5 25. Bd3 Rb3 26. Nxe3 Bxe4 27. Bxe4 Rxe3 28. Bg2 Ke7 29. Re2 Rd3 30. Bd5 Rd1+ 31. Re1 Rd3 32. Ke2 Re3+ 33. Kd2 Rxe1 34. Kxe1 Bc5 35. Ke2 Kd6 36. Bf3 Bb6 37. Kd3 Ke6 38. b4 a5 39. bxa5 Bxa5 40. Be4 Kd6 41. Kc4 d3 42. Kxd3 Kc5 43. Bf3 Be1 44. Ke4 Bc3 45. Kd3 Ba5 46. Ke4 Bc3 47. a4 Kb4 48. Kd5 Kxa4 49. Ke6 Kb5 50. Kf7 Kc5 51. Ke6 Kd4 52. Kf5 Bd2 53. Bg2 e4 54. g4 e3 55. Bf1 Kc5 56. h4 Kxc6 57. Ke4 Kd6 58. Be2 Kc5 59. Bd3 Kb4 60. Kd4 c5+ 61. Kd5 Bc3 62. Be2 Bd4 63. g5 hxg5 64. hxg5 Kc3 65. Ke4 c4 66. g6 Bb6 67. Kf3 Kb3 68. Bd1+ Kb2 69. Ke2 c3 70. Kd3 e2 71. Kxe2 c2 0-1

[Event "CZE-ch U16"]
[Site "Harrachov"]
[Date "2024.10.28"]
[Round "4"]
[White "Bludsky, Vit"]
[Black "Stary, Vojtech"]
[Result "1-0"]
[WhiteElo "1717"]
[BlackElo "1893"]
[PlyCount "75"]
[EventDate "2024.10.26"]
[EventType "swiss"]
[EventRounds "9"]
[EventCountry "CZE"]
[SourceTitle "CB45_2024"]
[Source "ChessBase"]
[SourceDate "2024.11.06"]
[SourceVersion "1"]
[SourceVersionDate "2024.11.06"]
[SourceQuality "1"]

1. e4 e6 2. d4 d5 3. Nc3 Nf6 4. Bg5 Bb4 5. Nge2 dxe4 6. a3 Be7 7. Bxf6 Bxf6 8. Nxe4 0-0 9. c3 Bd7 10. N2g3 Bc6 11. Bd3 Nd7 12. Qc2 e5 13. dxe5 Bxe5 14. 0-0-0 Bf4+ 15. Kb1 Ne5 16. Be2 Qe7 17. Nf5 Qe6 18. Nd4 Qg6 19. Nxc6 Nxc6 20. g3 Bh6 21. f4 f5 22. Bc4+ Kh8 23. Nc5 Na5 24. Ba2 b6 25. Nd7 Rfe8 26. Ne5 Rxe5 27. fxe5 Re8 28. e6 Nb7 29. Rd7 Nc5 30. Rxc7 Nxe6 31. Rc6 Qf7 32. Bxe6 Rxe6 33. Rc8+ Re8 34. Rxe8+ Qxe8 35. Qxf5 g6 36. Qd3 Bg7 37. Rd1 Kg8 38. Qd5+ 1-0

[Event "CZE-ch U14"]
[Site "Kouty nad Desnou"]
[Date "2024.03.13"]
[Round "6"]
[White "Stary, Vojtech"]
[Black "Srba, Daniel"]
[Result "1-0"]
[WhiteElo "1950"]
[BlackElo "1742"]
[PlyCount "63"]
[EventDate "2024.03.09"]
[EventType "swiss"]
[EventRounds "9"]
[EventCountry "CZE"]
[SourceTitle "CBM 219 Extra"]
[Source "ChessBase"]
[SourceDate "2024.05.31"]
[SourceVersion "1"]
[SourceVersionDate "2024.05.31"]
[SourceQuality "1"]

1. e4 c5 2. b3 d6 3. Bb5+ Bd7 4. Bxd7+ Nxd7 5. Bb2 Ngf6 6. Nc3 g6 7. f4 Bg7 8. Qf3 Rb8 9. Nge2 0-0 10. g4 e5 11. f5 g5 12. h4 gxh4 13. g5 Ne8 14. Qh5 f6 15. Qxh4 fxg5 16. Qxh7+ Kf7 17. Qg6+ Kg8 18. 0-0-0 Rf6 19. Qh7+ Kf8 20. Rdg1 Rf7 21. Qh5 Bf6 22. Nd5 Rg7 23. Nec3 Nb6 24. Qh8+ Rg8 25. Qh6+ Rg7 26. Rg2 Nxd5 27. Nxd5 Kf7 28. Rhg1 Nc7 29. Qh5+ Kf8 30. Nxf6 Qxf6 31. Qh8+ Ke7 32. Qxb8 1-0

[Event "CZE-ch U14"]
[Site "Kouty nad Desnou"]
[Date "2024.03.10"]
[Round "2"]
[White "Stary, Vojtech"]
[Black "Gregor, Alexandr"]
[Result "1-0"]
[WhiteElo "1950"]
[BlackElo "1777"]
[PlyCount "63"]
[EventDate "2024.03.09"]
[EventType "swiss"]
[EventRounds "9"]
[EventCountry "CZE"]
[SourceTitle "CBM 219 Extra"]
[Source "ChessBase"]
[SourceDate "2024.05.31"]
[SourceVersion "1"]
[SourceVersionDate "2024.05.31"]
[SourceQuality "1"]

1. d4 Nf6 2. Nf3 d5 3. c4 e6 4. g3 Be7 5. Bg2 0-0 6. 0-0 c6 7. Nc3 Nbd7 8. b3 b6 9. Bb2 Ba6 10. cxd5 cxd5 11. Rc1 Rc8 12. a3 Bd6 13. Nd2 Qe7 14. Ndb1 b5 15. Qd3 e5 16. Nxd5 Nxd5 17. Bxd5 Nf6 18. dxe5 Bxe5 19. Bxe5 Qxe5 20. Bf3 Qe6 21. b4 g6 22. Rfd1 Rxc1 23. Rxc1 Rc8 24. Rxc8+ Qxc8 25. Qc3 Qf5 26. Nd2 Bc8 27. Nb3 Be6 28. Nc5 Kg7 29. Ne4 Bc4 30. Nd6 Qb1+ 31. Kg2 Be6 32. Ne8+ 1-0

[Event "CZE-chT1E 2324"]
[Site "Czech Republic"]
[Date "2024.02.18"]
[Round "8.4"]
[White "Stary, Vojtech"]
[Black "Obsivac, Josef"]
[Result "0-1"]
[WhiteElo "1860"]
[BlackElo "2277"]
[PlyCount "114"]
[EventDate "2023.10.22"]
[EventType "team-tourn"]
[EventRounds "11"]
[EventCountry "CZE"]
[SourceTitle "EXT 2025"]
[Source "ChessBase"]
[SourceDate "2024.10.14"]
[SourceVersion "1"]
[SourceVersionDate "2024.10.14"]
[SourceQuality "1"]
[WhiteTeam "Polabiny II"]
[BlackTeam "Grygov Proclient"]
[WhiteTeamCountry "CZE"]
[BlackTeamCountry "CZE"]

1. e4 c5 2. c3 d5 3. exd5 Qxd5 4. Nf3 g6 5. d4 Bg7 6. Na3 a6 7. Nc2 cxd4 8. Ncxd4 e5 9. Nb3 Qxd1+ 10. Kxd1 Nc6 11. Be3 Nge7 12. Be2 0-0 13. Ke1 Nd5 14. Bd2 h6 15. h3 Re8 16. Rd1 e4 17. Nfd4 Nxd4 18. Nxd4 b5 19. Be3 Bb7 20. a3 Rac8 21. Rd2 f5 22. g3 Re7 23. Rg1 Kh7 24. Kf1 Rf8 25. c4 bxc4 26. Bxc4 g5 27. Nb3 Nxe3+ 28. fxe3 f4 29. gxf4 gxf4 30. exf4 e3 31. Bd3+ Kh8 32. Rc2 Rxf4+ 33. Ke1 Rf2 34. Rxf2 exf2+ 35. Kxf2 Bd5 36. Rxg7 Kxg7 37. Nc5 a5 38. b4 Kf6 39. bxa5 Ke5 40. Na4 Kd4 41. Be2 Rf7+ 42. Ke1 Re7 43. Kf2 Re3 44. Nb6 Rxa3 45. Nxd5 Kxd5 46. a6 Ke4 47. h4 Kf4 48. h5 Ra2 49. Kf1 Ke3 50. Bb5 Ra5 51. Bc4 Rxh5 52. Be6 Ra5 53. Bc8 Ra2 54. Bb7 h5 55. Bc8 Kf3 56. Kg1 Kg3 57. Kf1 h4 0-1

[Event "CZE-chT1E 2324"]
[Site "Czech Republic"]
[Date "2023.11.12"]
[Round "2.6"]
[White "Ludvik, Tomas"]
[Black "Stary, Vojtech"]
[Result "0-1"]
[WhiteElo "2219"]
[BlackElo "1860"]
[PlyCount "80"]
[EventDate "2023.10.22"]
[EventType "team-tourn"]
[EventRounds "11"]
[EventCountry "CZE"]
[SourceTitle "EXT 2025"]
[Source "ChessBase"]
[SourceDate "2024.10.14"]
[SourceVersion "1"]
[SourceVersionDate "2024.10.14"]
[SourceQuality "1"]
[WhiteTeam "Polabiny III"]
[BlackTeam "Polabiny II"]
[WhiteTeamCountry "CZE"]
[BlackTeamCountry "CZE"]

1. d4 d5 2. c4 Nc6 3. Nf3 Bg4 4. cxd5 Bxf3 5. gxf3 Qxd5 6. e3 e5 7. Nc3 Bb4 8. Bd2 Bxc3 9. bxc3 Qd6 10. Bg2 Nge7 11. Rb1 b6 12. f4 exf4 13. e4 0-0 14. 0-0 Rad8 15. Rb2 Ng6 16. Qf3 Nce7 17. e5 Qa3 18. Rc2 Qa4 19. Qe4 c5 20. Rb1 Nd5 21. Rb3 f5 22. exf6 Nxf6 23. Qe6+ Kh8 24. Bc6 Qa6 25. Bb5 Qb7 26. dxc5 bxc5 27. c4 Qc7 28. Rh3 Rd6 29. Qf5 Kg8 30. f3 Rfd8 31. Bc3 Qe7 32. Kg2 Qe3 33. Ba5 Rd1 34. Rf2 Qc1 35. Rh6 Rg1+ 36. Kh3 Qe3 37. Bxd8 Qxf2 38. Qe6+ Kh8 39. Rxg6 Rxg6 40. Bxf6 Rg3+ 0-1

[Event "Klatovy op-A 29th"]
[Site "Klatovy"]
[Date "2023.07.07"]
[Round "7"]
[White "Stary, Vojtech"]
[Black "Jordanov, Mihail"]
[Result "0-1"]
[WhiteElo "1752"]
[BlackElo "2140"]
[PlyCount "140"]
[EventDate "2023.07.01"]
[EventType "swiss"]
[EventRounds "9"]
[EventCountry "CZE"]
[SourceTitle "CBM 215 Extra"]
[Source "ChessBase"]
[SourceDate "2023.09.30"]
[SourceVersion "1"]
[SourceVersionDate "2023.09.30"]
[SourceQuality "1"]

1. e4 e5 2. Nf3 Nc6 3. Nc3 Nf6 4. d4 exd4 5. Nxd4 Bb4 6. Nxc6 bxc6 7. Bd3 d5 8. exd5 cxd5 9. 0-0 0-0 10. Bg5 c6 11. Qf3 Bd6 12. h3 Rb8 13. b3 h6 14. Bf4 Be6 15. Bxd6 Qxd6 16. Rfe1 Rfe8 17. Ne2 Nd7 18. Nd4 g6 19. Qe3 Kg7 20. Nxe6+ fxe6 21. Qxa7 c5 22. Qa5 Rf8 23. Qd2 Rb4 24. Re3 e5 25. Rg3 e4 26. c3 Rb6 27. Bc2 Nf6 28. Re1 Re8 29. a4 d4 30. cxd4 cxd4 31. Rb1 Qb4 32. Qxb4 Rxb4 33. Rd1 Rc8 34. Rd2 g5 35. Bd1 Rc1 36. Kh2 e3 37. fxe3 Ne4 38. Rd3 Nf2 39. exd4 Rxd1 40. Rxd1 Nxd1 41. h4 Kg6 42. hxg5 hxg5 43. Rd3 Nf2 44. Rd2 Ne4 45. Rd3 Nf2 46. Rd2 Ne4 47. Rd3 Kf5 48. Kg1 Ke6 49. d5+ Kd6 50. g3 Nc5 51. Rf3 Rxb3 52. Rf5 Rxg3+ 53. Kh2 Ne4 54. Rf8 Ra3 55. Rd8+ Ke5 56. Ra8 Kxd5 57. a5 Kc5 58. Re8 Kd4 59. Ra8 Ke3 60. a6 g4 61. a7 Ra2+ 62. Kg1 Ra1+ 63. Kg2 g3 64. Rb8 Ra2+ 65. Kg1 Rxa7 66. Rb3+ Kf4 67. Rb1 Ra2 68. Rf1+ Rf2 69. Ra1 Nd2 70. Rc1 Nf3+ 0-1

[Event "CZE-chT1W 2223"]
[Site "Czech Republic"]
[Date "2023.04.02"]
[Round "11.3"]
[White "Stary, Vojtech"]
[Black "Svacina, Tobias"]
[Result "1-0"]
[WhiteElo "1623"]
[BlackElo "1816"]
[PlyCount "63"]
[EventDate "2022.10.09"]
[EventType "team-tourn"]
[EventRounds "11"]
[EventCountry "CZE"]
[SourceTitle "EXT 2024"]
[Source "ChessBase"]
[SourceDate "2023.10.10"]
[SourceVersion "1"]
[SourceVersionDate "2023.10.10"]
[SourceQuality "1"]
[WhiteTeam "Polabiny III"]
[BlackTeam "Praha Oaza II"]
[WhiteTeamCountry "CZE"]
[BlackTeamCountry "CZE"]

1. e4 c5 2. Nf3 Nc6 3. d4 cxd4 4. Nxd4 e5 5. Nb5 d6 6. N1c3 a6 7. Na3 Be7 8. Nd5 Nf6 9. Nxf6+ Bxf6 10. Nc4 0-0 11. c3 Be6 12. Qxd6 Qe8 13. Be3 Rd8 14. Qa3 Nd4 15. cxd4 Bxc4 16. Bxc4 exd4 17. 0-0 dxe3 18. Qxe3 Bxb2 19. Rab1 Bd4 20. Qf3 b5 21. Bd5 Rd6 22. Qd3 Qe5 23. Rfd1 Bc5 24. Rbc1 Rc8 25. Qg3 Qxg3 26. hxg3 Rf6 27. Rc2 Kf8 28. Kf1 Ke7 29. e5 Rh6 30. Ke2 Rh5 31. f4 f6 32. Bf3 1-0

[Event "CZE-ch U14"]
[Site "Teplice"]
[Date "2023.03.16"]
[Round "7"]
[White "Stary, Vojtech"]
[Black "Topencik, Bruno"]
[Result "1-0"]
[WhiteElo "1814"]
[BlackElo "1844"]
[PlyCount "107"]
[EventDate "2023.03.11"]
[EventType "swiss"]
[EventRounds "9"]
[EventCountry "CZE"]
[SourceTitle "CBM 213 Extra"]
[Source "ChessBase"]
[SourceDate "2023.05.31"]
[SourceVersion "1"]
[SourceVersionDate "2023.05.31"]
[SourceQuality "1"]

1. e4 e6 2. d4 d5 3. Nd2 dxe4 4. Nxe4 Nd7 5. Nf3 Ngf6 6. Bd3 Be7 7. Qe2 0-0 8. Bg5 Re8 9. 0-0-0 Nxe4 10. Bxe7 Qxe7 11. Qxe4 Nf8 12. Kb1 Rb8 13. h4 b5 14. Qe3 Bb7 15. g4 Bd5 16. Rh3 Rb6 17. h5 Reb8 18. Nd2 Ra6 19. Nb3 Bxb3 20. axb3 Rd6 21. g5 a5 22. Rg1 a4 23. b4 Ra6 24. c3 a3 25. b3 a2+ 26. Ka1 Rd6 27. f4 Qd7 28. Be4 g6 29. hxg6 fxg6 30. Bf3 Ra6 31. Rgh1 Ra3 32. Bd1 Qd5 33. Qe5 Qg2 34. R3h2 Qc6 35. Qe3 Qd5 36. Rf1 Qf5 37. Bc2 Qd5 38. Rff2 Rba8 39. Qe5 Qc6 40. Qe3 Qd5 41. Qe4 Qd6 42. Bd1 Kf7 43. Rb2 Qd7 44. Bf3 R8a6 45. Rxa2 Ke7 46. Rxa3 Rxa3+ 47. Kb2 Ra6 48. Rh1 c6 49. Qe5 Qa7 50. Qg7+ Ke8 51. Bxc6+ Nd7 52. Bxd7+ Kd8 53. Qf8+ Kxd7 54. Rxh7+ 1-0

[Event "CZE-ch U14"]
[Site "Teplice"]
[Date "2023.03.15"]
[Round "6"]
[White "Andrle, Filip"]
[Black "Stary, Vojtech"]
[Result "0-1"]
[WhiteElo "1721"]
[BlackElo "1814"]
[PlyCount "116"]
[EventDate "2023.03.11"]
[EventType "swiss"]
[EventRounds "9"]
[EventCountry "CZE"]
[SourceTitle "CBM 213 Extra"]
[Source "ChessBase"]
[SourceDate "2023.05.31"]
[SourceVersion "1"]
[SourceVersionDate "2023.05.31"]
[SourceQuality "1"]

1. e4 e5 2. Nf3 Nc6 3. Bc4 Bc5 4. d3 Nf6 5. Be3 Bb6 6. c3 d5 7. exd5 Nxd5 8. Bxb6 axb6 9. 0-0 0-0 10. Re1 Nf4 11. Qc2 Re8 12. Nbd2 Bf5 13. Ne4 Na5 14. Rad1 Nxc4 15. dxc4 Qe7 16. Qb3 Bg4 17. Re3 h6 18. Rde1 f5 19. Ng3 e4 20. Nd4 Qg5 21. h3 Bxh3 22. gxh3 Nxh3+ 23. Kh2 Nxf2 24. Ndxf5 Ng4+ 25. Kg2 Nxe3+ 26. Nxe3 h5 27. c5+ Kh8 28. Rh1 g6 29. Nef1 Qf4 30. Qd5 c6 31. Qd4+ Kg8 32. Qc4+ Qf7 33. Qd4 Rxa2 34. Nxe4 Rxb2+ 35. Kg3 Rf8 36. Nfd2 Qf4+ 37. Kh3 Qg4+ 38. Kh2 Qf4+ 39. Kh3 Qf5+ 40. Kh2 Kh7 41. Rg1 bxc5 42. Qe3 Qf4+ 43. Qxf4 Rxf4 44. Kh3 b5 45. Ra1 b4 46. cxb4 cxb4 47. Rc1 b3 48. Rxc6 Rc2 49. Rb6 b2 50. Rb5 Kh6 51. Rb6 Rg4 52. Rb7 Rg1 53. Rb6 Rd1 54. Rd6 Rdxd2 55. Nxd2 Rxd2 56. Rb6 Kg5 57. Rb4 Kf5 58. Kg3 Ke5 0-1

[Event "CZE-ch U14"]
[Site "Teplice"]
[Date "2023.03.12"]
[Round "2"]
[White "Krautschneider, Daniel Jan"]
[Black "Stary, Vojtech"]
[Result "1/2-1/2"]
[WhiteElo "1679"]
[BlackElo "1814"]
[PlyCount "79"]
[EventDate "2023.03.11"]
[EventType "swiss"]
[EventRounds "9"]
[EventCountry "CZE"]
[SourceTitle "CBM 213 Extra"]
[Source "ChessBase"]
[SourceDate "2023.05.31"]
[SourceVersion "1"]
[SourceVersionDate "2023.05.31"]
[SourceQuality "1"]

1. e4 e5 2. Nf3 Nc6 3. d4 exd4 4. Nxd4 Bc5 5. Be3 Qf6 6. c3 Nge7 7. Be2 0-0 8. 0-0 Bb6 9. Na3 Ng6 10. Nc4 Nf4 11. Nxb6 Nxe2+ 12. Qxe2 axb6 13. Nb5 Qd8 14. Rfd1 Na7 15. Nd4 Re8 16. Bf4 d6 17. Qd3 Bg4 18. f3 Bh5 19. a3 Bg6 20. c4 Nc6 21. Qc3 Nxd4 22. Rxd4 Qf6 23. Bg3 h6 24. Re1 Re6 25. e5 dxe5 26. Rxe5 Rxe5 27. Bxe5 Qe7 28. Rd1 f6 29. Bg3 c6 30. Qd4 b5 31. cxb5 cxb5 32. Qd5+ Kh7 33. Qxb5 Bc2 34. Rd7 Qe3+ 35. Bf2 Qc1+ 36. Qf1 Qxb2 37. h3 Qxa3 38. Qb5 Qa6 39. Qxb7 Qxb7 40. Rxb7 1/2-1/2

[Event "CZE-chT1W 2223"]
[Site "Czech Republic"]
[Date "2023.02.26"]
[Round "9.7"]
[White "Benes, Petr1"]
[Black "Stary, Vojtech"]
[Result "1/2-1/2"]
[WhiteElo "2121"]
[BlackElo "1623"]
[PlyCount "55"]
[EventDate "2022.10.09"]
[EventType "team-tourn"]
[EventRounds "11"]
[EventCountry "CZE"]
[SourceTitle "CBM 213 Extra"]
[Source "ChessBase"]
[SourceDate "2023.05.31"]
[SourceVersion "1"]
[SourceVersionDate "2023.05.31"]
[SourceQuality "1"]
[WhiteTeam "Litomerice Slavoj"]
[BlackTeam "Polabiny III"]
[WhiteTeamCountry "CZE"]
[BlackTeamCountry "CZE"]

1. c4 c5 2. g3 Nf6 3. Bg2 d5 4. cxd5 Nxd5 5. Nc3 Nc7 6. d3 e5 7. Be3 Nc6 8. Bxc6+ bxc6 9. Qa4 Bd7 10. Nf3 f6 11. Rc1 Nd5 12. 0-0 Be7 13. Ne4 Nxe3 14. fxe3 Qb6 15. Qc4 Qxb2 16. Rb1 Qxe2 17. Rf2 Qxe3 18. Re1 Qh6 19. Nxc5 g5 20. Rb1 Bxc5 21. Qxc5 Qg7 22. Nxe5 fxe5 23. Re2 Rf8 24. Rxe5+ Kd8 25. Qa5+ Kc8 26. Qa6+ Kd8 27. Qa5+ Kc8 28. Qa6+ 1/2-1/2

[Event "Pardubice Region-chT 2223"]
[Site "Czech Republic"]
[Date "2022.12.11"]
[Round "5.8"]
[White "Bartos, Martin"]
[Black "Stary, Vojtech"]
[Result "0-1"]
[WhiteElo "1682"]
[BlackElo "1696"]
[PlyCount "70"]
[EventDate "2022.10.09"]
[EventType "team-tourn"]
[EventRounds "11"]
[EventCountry "CZE"]
[SourceTitle "EXT 2024"]
[Source "ChessBase"]
[SourceDate "2023.10.10"]
[SourceVersion "1"]
[SourceVersionDate "2023.10.10"]
[SourceQuality "1"]

1. e4 c5 2. Nc3 Nc6 3. f4 g6 4. Nf3 Bg7 5. Bb5 Nd4 6. Bc4 d6 7. h3 e6 8. Nb5 Nxf3+ 9. Qxf3 a6 10. Nc3 Ne7 11. a4 Nc6 12. Ne2 Nb4 13. Bb3 c4 14. c3 Nd3+ 15. Kd1 Nxc1 16. Rxc1 cxb3 17. Nd4 Bd7 18. h4 h5 19. f5 exf5 20. exf5 Bxd4 21. cxd4 Bxf5 22. Re1+ Kf8 23. Qxb3 Rc8 24. Rc3 Qd7 25. Qa3 Kg7 26. Ree3 Rhe8 27. g3 Bg4+ 28. Ke1 Rxe3+ 29. dxe3 Rxc3 30. bxc3 d5 31. Qb4 Qc6 32. Kd2 b5 33. a5 Qc4 34. Qe7 Qa2+ 35. Kc1 Qa1+ 0-1

[Event "Hradec Kralove op 11th"]
[Site "Hradec Kralove"]
[Date "2022.11.11"]
[Round "8"]
[White "Stary, Vojtech"]
[Black "Sykora, Marek1"]
[Result "0-1"]
[WhiteElo "1585"]
[BlackElo "2251"]
[PlyCount "98"]
[EventDate "2022.11.05"]
[EventType "swiss"]
[EventRounds "9"]
[EventCountry "CZE"]
[SourceTitle "CBM 211 Extra"]
[Source "ChessBase"]
[SourceDate "2023.01.31"]
[SourceVersion "1"]
[SourceVersionDate "2023.01.31"]
[SourceQuality "1"]

1. f4 e5 2. fxe5 d6 3. exd6 Bxd6 4. Nf3 g5 5. g3 g4 6. Nh4 Ne7 7. d4 Ng6 8. Nxg6 hxg6 9. Qd3 Nc6 10. c3 Qe7 11. Bg2 f5 12. Nd2 Bd7 13. Nc4 0-0-0 14. Nxd6+ Qxd6 15. Bf4 Qf6 16. 0-0-0 g5 17. Bd2 Rh5 18. e4 f4 19. e5 Qf7 20. Be4 Qxa2 21. gxf4 Na5 22. Bf5 Rh3 23. Bxd7+ Rxd7 24. Qf5 Nc4 25. Qb1 Qxb1+ 26. Kxb1 Nxd2+ 27. Rxd2 gxf4 28. Rg1 Rg7 29. Rdg2 Rh4 30. Rf2 f3 31. Rxf3 gxf3 32. Rxg7 Rxh2 33. Rg1 Re2 34. Rf1 f2 35. Ka2 b5 36. Ka3 a5 37. b3 c6 38. b4 a4 39. c4 bxc4 40. d5 cxd5 41. Kxa4 Kd7 42. b5 c3 43. Kb3 d4 44. b6 Kc6 45. e6 Kxb6 46. e7 Rxe7 47. Rxf2 Rc7 48. Rf6+ Rc6 49. Rf4 c2 0-1

[Event "CZE-chT U12"]
[Site "Jihlava"]
[Date "2022.06.12"]
[Round "9.1"]
[White "Stary, Vojtech"]
[Black "Sochor, Vaclav"]
[Result "1/2-1/2"]
[WhiteElo "1427"]
[BlackElo "1508"]
[PlyCount "79"]
[EventDate "2022.06.10"]
[EventType "team-swiss"]
[EventRounds "9"]
[EventCountry "CZE"]
[SourceTitle "CBM 209 Extra"]
[Source "ChessBase"]
[SourceDate "2022.09.30"]
[SourceVersion "1"]
[SourceVersionDate "2022.09.30"]
[SourceQuality "1"]
[WhiteTeam "Polabiny U12"]
[BlackTeam "Grygov U12"]
[WhiteTeamCountry "CZE"]
[BlackTeamCountry "CZE"]

1. e4 e6 2. d4 d5 3. Bd3 Nf6 4. e5 Nfd7 5. Ne2 c5 6. c3 Nc6 7. Be3 Qb6 8. Qc1 Be7 9. 0-0 cxd4 10. cxd4 Nb4 11. Bc2 Nxc2 12. Qxc2 f6 13. exf6 Nxf6 14. Nbc3 Bd7 15. Qd2 Rc8 16. Rac1 0-0 17. a3 Bd6 18. h3 Rc6 19. Ng3 Rfc8 20. f4 a6 21. Nce2 Rxc1 22. Rxc1 Rxc1+ 23. Qxc1 Kf7 24. Qc3 Qb5 25. Kf2 h5 26. h4 g6 27. Kf3 Ne4 28. Nxe4 dxe4+ 29. Kf2 Be7 30. g3 Bc6 31. Ng1 Bd5 32. Nh3 Qa4 33. Ng5+ Bxg5 34. hxg5 Qd1 35. Qc7+ Ke8 36. Qc8+ Kf7 37. Qd7+ Kf8 38. Qd8+ Kf7 39. Qd7+ Kf8 40. Qd8+ 1/2-1/2

[Event "CZE-chT U12"]
[Site "Jihlava"]
[Date "2022.06.11"]
[Round "7.1"]
[White "Chon, Jeremy"]
[Black "Stary, Vojtech"]
[Result "1/2-1/2"]
[WhiteElo "1230"]
[BlackElo "1427"]
[PlyCount "95"]
[EventDate "2022.06.10"]
[EventType "team-swiss"]
[EventRounds "9"]
[EventCountry "CZE"]
[SourceTitle "CBM 209 Extra"]
[Source "ChessBase"]
[SourceDate "2022.09.30"]
[SourceVersion "1"]
[SourceVersionDate "2022.09.30"]
[SourceQuality "1"]
[WhiteTeam "Praha Bohemians U12"]
[BlackTeam "Polabiny U12"]
[WhiteTeamCountry "CZE"]
[BlackTeamCountry "CZE"]

1. Nf3 Nf6 2. d4 g6 3. Bf4 Bg7 4. e3 0-0 5. Be2 d6 6. 0-0 Nbd7 7. c4 Re8 8. Nc3 e5 9. Bg3 exd4 10. Nxd4 Nc5 11. Rc1 Nce4 12. Bf3 Nxg3 13. hxg3 Nd7 14. b4 Ne5 15. Qb3 Nxf3+ 16. Nxf3 Be6 17. Nd4 Qd7 18. Nxe6 Rxe6 19. Rfd1 Qe7 20. Nd5 Qd7 21. c5 c6 22. Nf4 Rf6 23. Rd3 Qe7 24. cxd6 Rxd6 25. Rcd1 Rad8 26. Qc4 Be5 27. b5 Bxf4 28. gxf4 Rxd3 29. Rxd3 Rxd3 30. Qxd3 c5 31. Qd5 b6 32. Kf1 Kg7 33. Ke2 h5 34. Kf3 Qc7 35. Qc4 Qb7+ 36. e4 Qd7 37. Ke3 Kg8 38. Ke2 Kg7 39. Qd5 Qxd5 40. exd5 Kf6 41. Kd3 Ke7 42. f3 Kd6 43. Kc4 f5 44. g3 Kd7 45. Kc3 Kd6 46. Kc4 Kd7 47. Kd3 Kd6 48. Kc4 1/2-1/2

[Event "CZE-ch U12"]
[Site "Luhacovice"]
[Date "2022.03.13"]
[Round "2"]
[White "Stary, Vojtech"]
[Black "Popov, Roman4"]
[Result "0-1"]
[WhiteElo "1640"]
[BlackElo "2353"]
[PlyCount "102"]
[EventDate "2022.03.12"]
[EventType "swiss"]
[EventRounds "9"]
[EventCountry "CZE"]
[SourceTitle "EXT 2023"]
[Source "ChessBase"]
[SourceDate "2022.10.05"]
[SourceVersion "1"]
[SourceVersionDate "2022.10.05"]
[SourceQuality "1"]

1. e4 Nf6 2. e5 Nd5 3. d4 d6 4. c4 Nb6 5. exd6 cxd6 6. Nf3 g6 7. Nc3 Bg7 8. Be2 0-0 9. 0-0 Bg4 10. h3 Bxf3 11. Bxf3 Nc6 12. Bxc6 bxc6 13. Qd3 d5 14. c5 Nd7 15. f4 e6 16. Re1 Re8 17. Be3 Rb8 18. b3 Nxc5 19. dxc5 d4 20. Rad1 dxc3 21. Qe4 Qc7 22. Bd4 Red8 23. Bxg7 Kxg7 24. Rc1 Rd2 25. Rxc3 Rbd8 26. a3 R8d4 27. Qe5+ Qxe5 28. fxe5 Rd1 29. Rxd1 Rxd1+ 30. Kf2 Rd5 31. Rc4 Rxe5 32. Ra4 Rxc5 33. Rxa7 Rb5 34. b4 c5 35. bxc5 Rxc5 36. a4 Rc3 37. a5 Ra3 38. a6 Kf6 39. g3 e5 40. Ra8 h5 41. h4 Kf5 42. a7 Ke4 43. Kg2 Ra2+ 44. Kh3 Kf5 45. g4+ hxg4+ 46. Kg3 Ra3+ 47. Kg2 Kf4 48. Kh2 Ra2+ 49. Kg1 Kg3 50. Kf1 Kf3 51. Ke1 g3 0-1

[Event "EU-ch Amateur Online 1400/1700"]
[Site "Tornelo INT"]
[Date "2021.04.17"]
[Round "1"]
[White "Kalogridis, Themistoklis"]
[Black "Stary, Vojtech"]
[Result "1-0"]
[WhiteElo "1409"]
[BlackElo "1646"]
[PlyCount "121"]
[EventDate "2021.04.17"]
[EventType "swiss (rapid)"]
[EventRounds "8"]
[EventCountry "NET"]
[SourceTitle "EXT 2023"]
[Source "ChessBase"]
[SourceDate "2022.10.05"]
[SourceVersion "1"]
[SourceVersionDate "2022.10.05"]
[SourceQuality "1"]

1. d4 Nf6 2. c4 g6 3. Nc3 Bg7 4. e4 d6 5. Nf3 0-0 6. Be2 e5 7. d5 a5 8. Bg5 Nbd7 9. Nd2 h6 10. Be3 Ne8 11. 0-0 f5 12. f3 f4 13. Bf2 Ndf6 14. a3 g5 15. b4 axb4 16. axb4 Bd7 17. Rxa8 Qxa8 18. Qb3 h5 19. c5 g4 20. c6 Bc8 21. Qb2 bxc6 22. Ra1 Qb7 23. Ba6 Qb8 24. Bc4 cxd5 25. Nxd5 Nxd5 26. Bxd5+ Kh8 27. b5 Bb7 28. b6 Bxd5 29. exd5 cxb6 30. Ra6 Nf6 31. Rxb6 Qc7 32. Rb7 Qc8 33. Ne4 Nxe4 34. fxe4 Rd8 35. Bh4 Re8 36. Rb6 Qc7 37. Rb7 Qc8 38. Rb6 Qc5+ 39. Bf2 Qc7 40. Rc6 Qd7 41. Qb6 Rc8 42. Kf1 Rxc6 43. Qxc6 Qe7 44. Bb6 Kh7 45. Bc7 Bf8 46. Qb6 g3 47. h3 h4 48. Bd8 Qf6 49. Bxf6 Kg6 50. Bd8 Kf7 51. Bc7 Kf6 52. Bb8 Be7 53. Bxd6 Bxd6 54. Qxd6+ Kf7 55. Qxe5 Kg6 56. Qxf4 Kh5 57. Qf5+ Kh6 58. e5 Kg7 59. d6 Kh6 60. Qg4 Kh7 61. d7 1-0

[Event "Ceske Budejovice op-B"]
[Site "Ceske Budejovice"]
[Date "2020.07.07"]
[Round "7"]
[White "Stary, Vojtech"]
[Black "Jodas, Daniel"]
[Result "1-0"]
[WhiteElo "1422"]
[BlackElo "1608"]
[PlyCount "69"]
[EventDate "2020.07.01"]
[EventType "swiss"]
[EventRounds "9"]
[EventCountry "CZE"]
[SourceTitle "CBM 197 Extra"]
[Source "ChessBase"]
[SourceDate "2020.09.30"]
[SourceVersion "1"]
[SourceVersionDate "2020.09.30"]
[SourceQuality "1"]

1. e4 c5 2. Nf3 d6 3. d4 cxd4 4. Nxd4 Nc6 5. Nc3 Nf6 6. Be2 a6 7. Be3 e6 8. 0-0 Be7 9. f4 Qc7 10. a3 0-0 11. Qe1 b5 12. Bd3 Bb7 13. Qg3 g6 14. f5 Nxd4 15. Bxd4 e5 16. Be3 Rfd8 17. Rf2 Nh5 18. Qg4 Qd7 19. Raf1 Bf8 20. Qe2 Ng7 21. Bh6 Bc6 22. f6 Ne6 23. Bxf8 Kxf8 24. Qe3 Qe8 25. Qh6+ Kg8 26. Nd5 Bxd5 27. exd5 Qf8 28. Qh4 Nc7 29. Be4 Rdb8 30. Rf3 h6 31. Rh3 Kh7 32. Rff3 b4 33. a4 a5 34. Rfg3 Na6 35. Qg5 1-0